Developing leaders for youth ministry. (Record no. 12487)

000 -LEADER
fixed length control field 00684nam a2200193 a 4500
001 - CONTROL NUMBER
control field :::00010289$&:&@@
003 - CONTROL NUMBER IDENTIFIER
control field OkBaRHE
005 - DATE AND TIME OF LATEST TRANSACTION
control field 20000607103357.0
008 - FIXED-LENGTH DATA ELEMENTS--GENERAL INFORMATION
fixed length control field s1984 j 000 0 eng u
040 ## - CATALOGING SOURCE
Transcribing agency
100 1# - MAIN ENTRY--PERSONAL NAME
Personal name Ng, David.
245 10 - TITLE STATEMENT
Title Developing leaders for youth ministry.
260 ## - PUBLICATION, DISTRIBUTION, ETC. (IMPRINT)
Place of publication, distribution, etc Valley Forge, PA., :
Name of publisher, distributor, etc Judson Press
Date of publication, distribution, etc c1984
300 ## - PHYSICAL DESCRIPTION
Extent 64 p. : illus. ;
Dimensions 28 cm.
650 ## - SUBJECT ADDED ENTRY--TOPICAL TERM
Topical term or geographic name as entry element Church Work with Youth
General subdivision Handbooks, Manuals, etc.
942 ## - ADDED ENTRY ELEMENTS (KOHA)
Source of classification or shelving scheme
Koha item type Books
Copies
Lost status Koha item type Shelving location Full call number Not for loan Barcode Date acquired Source of classification or shelving scheme Permanent Location Damaged status Date last seen Copy number Withdrawn status Price effective from
 BooksGeneral StacksBV 4447 .N44 102892010-04-14 RHEMA Bible Training College 2010-04-141 2010-04-14
 BooksGeneral StacksBV 4447 .N44 154392010-04-14 RHEMA Bible Training College 2010-04-142 2010-04-14